|
|
|
|
| LEADER |
00000nab a2200000 a 4500 |
| 001 |
vtls001000794 |
| 003 |
SK-MaSNL |
| 005 |
20260303221045.0 |
| 008 |
230121e19960000xo 0 slo |
| 035 |
|
|
|a RV1394
|
| 040 |
|
|
|a RVGKPD
|b slo
|c RVGKPD
|e AACR2
|
| 041 |
0 |
|
|a slo
|
| 044 |
|
|
|a xo
|c SK
|
| 080 |
|
|
|a 796.5-051
|2 1981
|
| 245 |
0 |
0 |
|a Nestor slovenskej turistiky
|
| 300 |
|
|
|b 1 obr.
|
| 590 |
|
|
|a Lutonský, Alojz, 1905-
|b Organizátor turistiky.
|
| 600 |
1 |
7 |
|a Lutonský, Alojz,
|d 1905-1997
|2 RVGKPD
|9 38469
|
| 650 |
0 |
7 |
|a jaskyne
|2 RVGKPD
|9 20772
|
| 650 |
0 |
7 |
|a objavitelia a vynálezcovia
|2 RVGKPD
|9 118812
|
| 651 |
|
7 |
|a Domica (Slovensko : jaskyňa)
|2 RVGKPD
|9 22972
|
| 773 |
0 |
8 |
|t Krásy Slovenska
|g Roč. 73, č.1-2 (1996), s. 3
|
| 773 |
0 |
8 |
|t Slovenský turista
|
| 852 |
|
|
|a ZVYKNI
|b KIS3GCP
|
| 954 |
|
|
|a odborná, vedecká literatúra pôvodná (slovenská)
|2 lita
|
| 958 |
|
|
|a OND
|
| 958 |
|
|
|a EUIPO
|
| 999 |
|
|
|c 2230321
|d 2232251
|